Physical management for neurological conditions / (Record no. 30781)
[ view plain ]
| 000 -LEADER | |
|---|---|
| fixed length control field | 03348cam a2200445 i 4500 |
| 001 - CONTROL NUMBER | |
| control field | 22127591 |
| 003 - CONTROL NUMBER IDENTIFIER | |
| control field | EG-ScBUE |
| 005 - DATE AND TIME OF LATEST TRANSACTION | |
| control field | 20240613100452.0 |
| 008 - FIXED-LENGTH DATA ELEMENTS--GENERAL INFORMATION | |
| fixed length control field | 210713t2025 stka f b 001 0 eng d |
| 020 ## - INTERNATIONAL STANDARD BOOK NUMBER | |
| International Standard Book Number | 9780323881326 |
| 035 ## - SYSTEM CONTROL NUMBER | |
| System control number | (OCoLC)on1019998375 |
| 040 ## - CATALOGING SOURCE | |
| Original cataloging agency | NLM |
| Language of cataloging | eng |
| Description conventions | rda |
| Transcribing agency | NLM |
| Modifying agency | BDX |
| -- | UKOBU |
| -- | ZRS |
| -- | UKMGB |
| -- | OCLCF |
| -- | YDX |
| -- | EQO |
| -- | AU@ |
| -- | QGK |
| -- | NJB |
| -- | OCLCO |
| -- | NLHHG |
| -- | OCLCA |
| -- | U@M |
| -- | OCLCO |
| -- | DLC |
| -- | EG-ScBUE |
| 082 04 - DEWEY DECIMAL CLASSIFICATION NUMBER | |
| Edition number | 22 |
| Classification number | 616.80462 |
| Item number | PHY |
| 130 0# - MAIN ENTRY--UNIFORM TITLE | |
| Uniform title | Physical management in neurological conditions. |
| 245 10 - TITLE STATEMENT | |
| Title | Physical management for neurological conditions / |
| Statement of responsibility, etc | edited by Sheila Lennon, Gita Ramdharry, Geert Verheyden. |
| 250 ## - EDITION STATEMENT | |
| Edition statement | Fifth edition. |
| 264 #1 - PUBLICATION, DISTRIBUTION, ETC. (IMPRINT) | |
| Place of publication, distribution, etc | [Edinburgh?] : |
| Name of publisher, distributor, etc | Elsevier, |
| Date of publication, distribution, etc | [2025] |
| 264 #4 - PUBLICATION, DISTRIBUTION, ETC. (IMPRINT) | |
| Date of publication, distribution, etc | c2025 |
| 300 ## - PHYSICAL DESCRIPTION | |
| Extent | xiii, 714 pages : |
| Other physical details | illustrations ; |
| Dimensions | 24 cm. |
| 336 ## - CONTENT TYPE | |
| Content type term | text |
| Content type code | txt |
| Source | rdacontent |
| 337 ## - MEDIA TYPE | |
| Media type term | unmediated |
| Media type code | n |
| Source | rdamedia |
| 338 ## - CARRIER TYPE | |
| Carrier type term | volume |
| Carrier type code | nc |
| Source | rdacarrier |
| 490 0# - SERIES STATEMENT | |
| Series statement | Physiotherapy essentials |
| 500 ## - GENERAL NOTE | |
| General note | Preceded by Physical management in neurological conditions / edited by Maria Stokes, Emma Stack. 3rd ed. 2011. |
| 504 ## - BIBLIOGRAPHY, ETC. NOTE | |
| Bibliography, etc | Includes bibliographical references and index. |
| 505 0# - FORMATTED CONTENTS NOTE | |
| Formatted contents note | Section 1. Background knowledge. 1. Guiding principles of neurological rehabilitation -- 2. Common impairments and the impact on activity -- 3. Observation and analysis of movement -- 4. Measurement tools -- 5. Goal setting in stroke rehabilitation -- 6. Respiratory management -- Section 2. Management of specific conditions. 7. Stroke -- 8. Traumatic brain injury -- 9. Spinal cord injury -- 10. Multiple sclerosis -- 11. Parkinson's -- 12. Inherited neurological conditions -- 13. Motor neuron disease -- 14. Polyneuropathies -- 15. Muscle disorders -- 16. Functional motor disorders -- Section 3. Specific aspects of management. 17. Self-management -- 18. Virtual rehabilitation: virtual reality and interactive gaming technologies in neurorehabilitation -- 19. Falls and their management -- 20. Physical activity and exercise -- 21. Vestibular rehabilitation -- 22. Pain management -- 23. Clinical neuropsychology in rehabilitation -- 24. Complex case management. |
| 520 ## - SUMMARY, ETC. | |
| Summary, etc | "Following the success of the previous three editions, Physical Management for Neurological Conditions 4th edition remains the most up-to-date evidence-based textbook for undergraduate students in health professions and qualified therapists. Written by an international team of clinicians and researchers, it is applicable to a number of healthcare systems, with a special focus on physiotherapy. New chapters have been added to cover both common and rare conditions, such as Hereditary Disorders, Functional Motor disorders and Neuromuscular diseases."--Publisher's description. |
| 650 #7 - SUBJECT ADDED ENTRY--TOPICAL TERM | |
| Topical term or geographic name as entry element | Nervous system |
| General subdivision | Diseases |
| -- | Physical therapy. |
| Source of heading or term | BUEsh |
| 650 #7 - SUBJECT ADDED ENTRY--TOPICAL TERM | |
| Topical term or geographic name as entry element | Nervous system |
| General subdivision | Diseases |
| -- | Patients |
| -- | Rehabilitation. |
| Source of heading or term | BUEsh |
| 650 #7 - SUBJECT ADDED ENTRY--TOPICAL TERM | |
| Topical term or geographic name as entry element | Physical therapy. |
| Source of heading or term | BUEsh |
| 653 ## - INDEX TERM--UNCONTROLLED | |
| Arrived date list | June2024 |
| Resource For college | Physical Therapy |
| 655 ## - INDEX TERM--GENRE/FORM | |
| Form subdivision | Reading book |
| 700 1# - ADDED ENTRY--PERSONAL NAME | |
| Personal name | Lennon, Sheila, |
| Relator term | editor. |
| 700 1# - ADDED ENTRY--PERSONAL NAME | |
| Personal name | Ramdharry, Gita, |
| Relator term | editor. |
| 700 1# - ADDED ENTRY--PERSONAL NAME | |
| Personal name | Verheyden, Geert, |
| Relator term | editor. |
| 776 08 - ADDITIONAL PHYSICAL FORM ENTRY | |
| Display text | ebook version : |
| International Standard Book Number | 9780702077234 |
| 906 ## - LOCAL DATA ELEMENT F, LDF (RLIN) | |
| a | 7 |
| b | cbc |
| c | pccadap |
| d | 2 |
| e | ncip |
| f | 20 |
| g | y-gencatlg |
| 942 ## - ADDED ENTRY ELEMENTS (KOHA) | |
| Source of classification or shelving scheme | Dewey Decimal Classification |
| Koha item type | Book - Borrowing |
| Withdrawn status | Lost status | Source of classification or shelving scheme | Damaged status | Not for loan | Collection code | Home library | Current library | Shelving location | Date acquired | Source of acquisition | Cost, normal purchase price | Serial Enumeration / chronology | Total Checkouts | Full call number | Barcode | Date last seen | Cost, replacement price | Price effective from | Koha item type |
|---|---|---|---|---|---|---|---|---|---|---|---|---|---|---|---|---|---|---|---|
| Dewey Decimal Classification | Baccah | Central Library | Central Library | First floor | 13/06/2024 | Purchase | 2547.00 | 38282 | 616.80462 PHY | 000057135 | 15/07/2025 | 3184.00 | 13/06/2024 | Book - Borrowing |